00326nam a22001217a 4500020000800000040001600008082001500024100002100039245006100060250001900121260002200140300004200162 qHB. cFIZZA ISHAQ a519.2bHOG a Hogg, Robert V. aProbability and Statistical Inference /cRobert V. Hogg. a2, illustrated bMacmillan,c1983. a533 P. ;c‎ 8.3 x 1.1 x 10.1 inches